00605nam a2200169Ia 4500008004100000082001500041100003800056245008900094260003900183300001000222520001100232650002800243700003000271942001300301999001900314952010200333230907s9999||||xx |||||||||||||| ||und|| a620.1bMUN aMuniba Ayub (00000275109)9116768 0aComparative study of Ruthenium complexes with organic sensitizer in ZnO based DSSC / aUSPCAS-E, NUST,bIslamabad :c2022 a72 p. aTH-434 aMS-ESE Thesis MS Thesis aDr. Nadia Shahzad9117122 cTHE2ddc c602112d602112 00102ddc4070aCAS-EbCAS-Ed2022-10-05o620.1 MUNpCAS-ETH0000434r2023-09-12w2023-09-12yTHE